Avoiding Technology Surprise for Tomorrow's Warfighter (Record no. 135681)
[ view plain ]
| 000 -LEADER | |
|---|---|
| fixed length control field | 01663nam a2200349 a 4500 |
| 245 10 - TITLE STATEMENT | |
| Title | Avoiding Technology Surprise for Tomorrow's Warfighter |
| 260 ## - PUBLICATION, DISTRIBUTION, ETC. (IMPRINT) | |
| Place of publication | Washington, D.C. : |
| Name of publisher | National Academies Press, |
| Year of publication | 2010. |
| 300 ## - PHYSICAL DESCRIPTION | |
| Number of Pages | xiv, 48 p. |
| 650 #0 - SUBJECT ADDED ENTRY--TOPICAL TERM | |
| Topical Term | Military intelligence |
| Topical Term | Technology assessment |
| Topical Term | Military research |
| Topical Term | Combat survivability (Military engineering) |
| Topical Term | National security |
| 856 40 - ELECTRONIC LOCATION AND ACCESS | |
| Uniform Resource Identifier | http://site.ebrary.com/lib/rucke/Doc?id=10443271 |
No items available.
